000 00640nam a2200229Ia 4500
003 OSt
005 20220918200437.0
006 a|||||r|||| 00| 0
007 ta
008 220917b |||||||| |||| 00| 0 eng d
024 _a88,813
037 _cTextual
040 _aARTS
_cARTS
_beng
041 _2eng
_aeng
082 _aT40aQ63.73.N7, L2
100 _aPace C Robert
_994087
245 0 _aEducation and evangelism
_b a profile of protestant colleges
260 _aN.Y
_bMcgraw Hill
_c1972
650 _aHIGHER EDUCATION
942 _hT40aQ63.73.N7, L2
_cTEXL
_2CC
999 _c212483
_d212483